Normal view
MARC view
Entry Topical Term
001 - CONTROL NUMBER
- control field: 5223
003 - CONTROL NUMBER IDENTIFIER
- control field: ARRUPE
005 - DATE AND TIME OF LATEST TRANSACTION
- control field: 20131205141036.0
008 - FIXED-LENGTH DATA ELEMENTS
- fixed length control field: 131205|| aca||aabn | a|a d
040 ## - CATALOGING SOURCE
- Original cataloging agency: ARRUPE
- Transcribing agency: ARRUPE
150 ## - HEADING--TOPICAL TERM
- Topical term or geographic name as entry element: Pastoral theology
- General subdivision: Catholic Church.
670 ## - SOURCE DATA FOUND
- Source citation: Work cat.: (ARRUPE)0: Catholic Church. Archdiocese of Kinshasa (Zaire). Commission des ministères laïcs. 5220, Rôle et fonctions du mokambi (responsable laïc) de paroisse :, 1985.